书目信息 |
| 题名: |
新版剑桥BEC考试真题详解
|
|
| 作者: | 兰岚 主编 | |
| 分册: | 5 高级 | |
| 出版信息: | 大连 大连理工大学出版社 2019重印 |
|
| 页数: | 218页 | |
| 开本: | 26cm | |
| 丛书名: | ||
| 单 册: | ||
| 中图分类: | H310.41 , F7-44 | |
| 科图分类: | ||
| 主题词: | 商务--Shang Wu--英语--考核--题解 , 商业经济 | |
| 电子资源: | ||
| ISBN: | 978-7-5685-0355-6 | |
| 000 | 00870nam 2200277 45 | |
| 001 | 012001009528 | |
| 005 | 20191107110958.59 | |
| 010 | @a978-7-5685-0355-6@dCNY28.00 | |
| 099 | @aCAL 012016115219 | |
| 100 | @a20161009d2016 em y0chiy50 ea | |
| 101 | 0 | @achi@aeng |
| 102 | @aCN@b210000 | |
| 105 | @ak z 000yy | |
| 106 | @ar | |
| 200 | 1 | @a新版剑桥BEC考试真题详解@AXin Ban Jian Qiao Bec Kao Shi Zhen Ti Xiang Jie@h5@i高级@f兰岚主编 |
| 210 | @a大连@c大连理工大学出版社@d2019重印 | |
| 215 | @a218页@d26cm | |
| 300 | @a剑桥商务英语辅导用书 | |
| 330 | @a本书针对《新版剑桥BEC考试真题集第5辑(高级)》的四套历年真题做的详细解析。 | |
| 606 | 0 | @a商务@AShang Wu@x英语@x考核@j题解 |
| 606 | 0 | @a商业经济 |
| 690 | @aH310.41@v5 | |
| 690 | @aF7-44@v4 | |
| 701 | 0 | @a兰岚@ALan Lan@4主编 |
| 801 | 2 | @aCN@b上海新华@c20191020 |
| 905 | @b1188539-42@dF7-44@e1120:5@f4 | |
| 新版剑桥BEC考试真题详解.5.高级/兰岚主编.-大连:大连理工大学出版社,2019重印 |
| 218页;26cm |
| 剑桥商务英语辅导用书 |
| ISBN 978-7-5685-0355-6:CNY28.00 |
| 本书针对《新版剑桥BEC考试真题集第5辑(高级)》的四套历年真题做的详细解析。 |
| ● |
| 相关链接 |
|
|
|
|
正题名:新版剑桥BEC考试真题详解
索取号:F7-44/1120:5
 
预约/预借
| 序号 | 登录号 | 条形码 | 馆藏地/架位号 | 状态 | 备注 |
| 1 | 1188539 | 211885398 | 第一样本阅览室/ [索取号:F7-44/1120:5] | 在馆 | |
| 2 | 1188540 | 211885405 | 第一借阅区/ [索取号:F7-44/1120:5] | 在馆 | |
| 3 | 1188541 | 211885414 | 第一借阅区/ [索取号:F7-44/1120:5] | 在馆 | |
| 4 | 1188542 | 211885423 | 第一借阅区/ [索取号:F7-44/1120:5] | 在馆 |